000 01454cam a22001934a 4500
005 20250605164335.0
008 250528s ||||||||||||||||||||||||d
035 _a23381
040 _aGR-AtMCL
_bgre
_dGR-AtMCL
_eAACR2
245 1 _aTrainee Integrative Counsellors and Psychotherapists' Construction of Their Professional Identity in Greece/MSc Integrative Counselling and Psychotherapy
260 _c2019
300 _a104
520 _aIntroduction and Literature Review, Introduction, Identity, Professional Identity, Counselling and Psychotherapeutic Identity, Integrative Counselling and Psychotherapy, The Difficulty of Defining the Definitions, Review on Previews Research, Rationale of the Current Study, Research Questions and Aims and Objectives, Methodology, Design, Rationale for Adopting a Qualitative Methodology, Key Characteristics and Philosophical Basis of Foucaultian Discourse Analysis, Reflexivity, Participants, Data Collection, Procedure, Ethical Issues, Analytic Strategy, AnaLYSIS, The Professional Discource, The (Bio) Medical Discourse, The Idealistic Discourse, The Superiority Discource, The Developmental Discource, The Socioclultural Discource, Discussion, Theoretical Insights, Methodology and Value of Research, Limitations, Implications, Conclusion, References, Appendices.
700 1 _aApostolopoulou Aggeliki
_98941
700 1 _aKarypidou Eleni
_98942
942 _cDS
999 _c8404
_d8404